Odporovateľnosť dohodou o započítaní pohľadávok
Objasnenie pravidiel ovplyvňujúcich započítanie v insolvenčnej situácii, ktorá ešte nebola zistená. Ich konfrontácia s pravidlami pre započítanie použiteľnými pre započítanie v konkurze.
Saved in:
| Main Author: | |
|---|---|
| Format: | Book Chapter |
| Language: | Slovak |
| Subjects: | |
| Tags: |
No Tags, Be the first to tag this record!
|
MARC
| LEADER | 00000naa a2200000 4500 | ||
|---|---|---|---|
| 001 | 0279081 | ||
| 005 | 20211014120055.5 | ||
| 041 | 0 | |a slo | |
| 044 | |a SK | ||
| 245 | 1 | 0 | |a Odporovateľnosť dohodou o započítaní pohľadávok |c Martin Maliar |
| 520 | |a Objasnenie pravidiel ovplyvňujúcich započítanie v insolvenčnej situácii, ktorá ešte nebola zistená. Ich konfrontácia s pravidlami pre započítanie použiteľnými pre započítanie v konkurze. | ||
| 610 | 2 | 0 | |a záväzky |
| 610 | 2 | 0 | |a insolventnosť |
| 610 | 2 | 0 | |a pohľadávky |
| 610 | 2 | 0 | |a zákony |
| 610 | 2 | 0 | |a konkurzy |
| 100 | 1 | |a Maliar, Martin | |